书目信息 |
| 题名: |
治理与善治
|
|
| 作者: | 俞可平 主编 | |
| 分册: | ||
| 出版信息: | 北京 社会科学文献出版社 2000.09 |
|
| 页数: | 372页 | |
| 开本: | 32开 | |
| 丛书名: | ||
| 单 册: | ||
| 中图分类: | D035-53 | |
| 科图分类: | ||
| 主题词: | 国家理论 | |
| 电子资源: | ||
| ISBN: | 7-80149-306-0 | |
| 000 | 00542nam0 2200193 45 | |
| 001 | 0012030877 | |
| 005 | 20001203110258.7 | |
| 010 | @a7-80149-306-0@d24.00元 | |
| 100 | @a20001203d2000 km y0chiy0120 ea | |
| 101 | 0 | @achi |
| 105 | @a z 000yy | |
| 200 | 1 | @a治理与善治@AZhi Li Yu Shan Zhi@f俞可平主编@FYu Ke Ping Zhu Bian |
| 210 | @a北京@c社会科学文献出版社@d2000.09 | |
| 215 | @a372页@d32开 | |
| 606 | 0 | @a国家理论 |
| 690 | @aD035-53@v3 | |
| 701 | 0 | @a俞可平@4主编 |
| 801 | @aCN@bPftUser@c20001203 | |
| 905 | @b510703-705@dD035-53@eY686@f3 | |
| 治理与善治/俞可平主编.-北京:社会科学文献出版社,2000.09 |
| 372页;32开 |
| ISBN 7-80149-306-0:24.00元 |
| ● |
| 相关链接 |
|
|
|
正题名:治理与善治
索取号:D035-53/Y686
 
预约/预借
| 序号 | 登录号 | 条形码 | 馆藏地/架位号 | 状态 | 备注 |
| 1 | 510703 | 205107034 | 社科库509/509社科库 67排9列2层/ [索取号:D035-53/Y686] | 在馆 | |
| 2 | 510704 | 205107043 | 社科库509/ [索取号:D035-53/Y686] | 在馆 | |
| 3 | 510705 | 205107052 | 社科库509/509社科库 67排9列2层/ [索取号:D035-53/Y686] | 在馆 |